Art News Annual : 1955 /

Guardado en:
Detalles Bibliográficos
Formato: Libro
Idioma:Inglés
Publicado: Nueva York, EUA : Art Foundation, 1955, c1954
Temas:
Etiquetas: Agrega una etiqueta
Sin etiquetas, Sé el primero en etiquetar este registro!

MARC

LEADER 00000nam^a2200000^a^4500
001 000107453
005 20250521000000.0
009 20260310093610.432
037 |a Acervo ITESO - Biblioteca 
041 |a ING 
082 |a 700. 5  |b NEW 1955 
240 1 1 |a [Art News Annual] 
245 0 0 |a Art News Annual :  |b 1955 / 
264 4 |a Nueva York, EUA :  |b Art Foundation,  |c 1955, c1954 
300 |a 181 p. 
336 |a texto  |b txt  |2 rdacontenido 
337 |a sin mediación  |b n  |2 rdamedio 
338 |a volumen  |b nc  |2 rdasoporte 
649 |a XX 
650 |a Arte -  |x Publicaciones Periódicas Norteamericanas 
650 |a Cubismo 
650 |a Pintura Renacentista -  |x Historia y Crítica 
650 |a Pintura Barroca -  |x Historia y Crítica 
650 |a Pintura Italiana -  |x Historia y Crítica 
650 |a Pintura Francesa -  |x Historia y Crítica 
650 |a Arte Renacentista -  |x Historia y Crítica 
650 |a Arte Barroco -  |x Historia y Crítica 
650 |a Arte Italiano -  |x Historia y Crítica 
650 |a Arte Francés -  |x Historia y Crítica 
650 |a Arte -  |x Anuarios 
650 |a Publicaciones Periódicas Norteamericanas 
650 |a Vinci, Leonardo da 
650 |a La Tour, Georges de 
910 |a Fondo Jesús Rodríguez 
920 |a Impresos - Libros 
930 |a Fondos Especiales 
905 |a 113 
901 |a 0500044215  |b IT2  |c ESP  |u 20250521 
902 |a https://opac.biblio.iteso.mx/vufind/Record/000107453